Nostalgia for the future : West Africa after the Cold War
Αποθηκεύτηκε σε:
| Κύριος συγγραφέας: | |
|---|---|
| Μορφή: | Βιβλίο |
| Γλώσσα: | English |
| Δημοσίευση: |
Chicago :
University of Chicago Press,
c2010.
|
| Θέματα: | |
| Ετικέτες: |
Προσθήκη ετικέτας
Δεν υπάρχουν, Καταχωρήστε ετικέτα πρώτοι!
|
MARC
| LEADER | 00000cam a2200000 i 4500 | ||
|---|---|---|---|
| 001 | 1/50893 | ||
| 008 | 140704s2010####xxu || ||| | eng|| | ||
| 020 | |a 9780226669656 | ||
| 020 | |a 0226669653 | ||
| 035 | |l 10118238 | ||
| 040 | |a GR-MY-UA |b gre |e aacr | ||
| 041 | 0 | |a eng | |
| 082 | 0 | |a 966.033 |2 (23) | |
| 100 | 1 | |a Piot, Charles. | |
| 245 | 1 | 0 | |a Nostalgia for the future : |b West Africa after the Cold War / |c Charles Piot. |
| 260 | |a Chicago : |b University of Chicago Press, |c c2010. | ||
| 300 | |a x, 200 σ. ; |c 24 εκ. | ||
| 504 | |a Περιλαμβάνει βιβλιογραφικές αναφορές (σ. [185]-195) και ευρετήριο. | ||
| 505 | 8 | |a States of emergency -- The end of history -- Exit strategy -- Charismatic enchantments -- Arrested development -- The death of a culture. | |
| 650 | 0 | 0 | |a Postcolonialism |z Africa, West. |
| 650 | 0 | 0 | |a Postcolonialism |z Togo. |
| 651 | 0 | |a Africa, West |x History |y 1960- | |
| 852 | |a INST |b LESVOS |e 20140704 |h 966.033 PIO |p 005100054565 |q 005100054565 |t BK |y 0 | ||
| 852 | |a INST |b LESVOS |e 20150522 |h 966.033 PIO |p 005100056633 |q 005100056633 |t BK |y 0 | ||
| 901 | |a BIBL1-2014-2 | ||
| 909 | |a Λ |b 189506 | ||
| 922 | |a 1ΕΛΗ |b 201406 |c ΤΚΑΙ |d ΔΙΑΔΡΟΜΕΣ | ||
| 970 | |a ΤΖΑΦΕΡΗ |b ΕΥΑΓΓΕΛΙΑ |z 2014/07/04 | ||